00630nam a22001697a 450000500170000001000130001702000260003003500110005603700130006708200100008010000270009024501080011724600680022526000520029327000920034530000230043720201013161746.0 aUR-10888 c400.00a9789389733501 aU-9443 bDBAD/PUB a920.8 aفيضا ن ا حمد  aعبد العز يز ا ليمينی سير ت و مسير ت ا لعلميہۃcفيضا ن ا حمد  bLife And Works of Abdul Aziz Al-Memoni (Urdu)aby Faizan Ahmed  aN.Delhi bEducational Publishing Housec2019 ء aH.O.D1/16,Ansari Road,Darya ganj,bN.Delhie110002k45678285,23216162l0091-11-23211540 a329 ص c22 Cm(Hb)